| 000 | 01794nim a2200409 i 4500 | ||
|---|---|---|---|
| 001 | 197364 | ||
| 003 | ES-MaACL | ||
| 005 | 20250828062633.0 | ||
| 007 | ss lsnjlcipnne | ||
| 008 | 140525s1991 sp nnnn |||| 00| spa d | ||
| 040 |
_bspa _cES-MaACL |
||
| 245 | 0 | 0 |
_aHistoria y ciencia _h[Grabación sonora] : _btertulias de rebotica / _cparticipan José Luis Peset, Javier Puerto y Miguel Ángel Puig ; modera Juan Manuel Reol ; coordina Daniel Pacheco |
| 260 |
_aMadrid : _bAteneo de Madrid, _c1991 |
||
| 300 |
_a1 casete (ca. 90 min) : _bson. ; _c11 cm |
||
| 490 | 1 | _3Actos culturales en el Ateneo de Madrid | |
| 518 | _aGrabado el 8 de mayo de 1991 en el Salón de Actos del Ateneo de Madrid | ||
| 520 | _aConferencia sobre la historia de la ciencia dentro de las tertulias de rebotica. | ||
| 540 | _aDocumento inédito | ||
| 594 | _5Datos basados en la invitación | ||
| 610 | 2 | 0 |
_aAteneo de Madrid- _xActos culturales- _y1991- _vGrabaciones sonoras _9240452 |
| 650 | 7 |
_aCiencia _2embne _910929 |
|
| 653 | _aArchivo de la palabra | ||
| 655 | 0 |
_aConferencias _9234444 |
|
| 700 | 0 |
_996251 _aReol, Juan Manuel _emod |
|
| 700 | 0 |
_991433 _aPeset, José Luis _eora |
|
| 700 | 0 |
_994191 _aPuerto Sarmiento, Francisco Javier, _eora _d1950- |
|
| 700 | 1 |
_994278 _aPuig-Samper, Miguel Ángel _eora |
|
| 700 | 1 |
_988132 _aPacheco Fernández, Daniel _ecoor |
|
| 710 | 2 |
_aAteneo de Madrid. _bSección de Farmacia _91991 |
|
| 710 | 2 |
_aUniversidad Complutense de Madrid. _bFacultad de Farmacia _9171281 _eclb |
|
| 710 | 2 |
_aAsociación Española de Farmacéuticos de Letras y Artes _9161025 _eclb |
|
| 830 | 0 |
_aActos culturales en el Ateneo de Madrid _9240237 |
|
| 852 |
_aES-MaACL _cDEPOZ _9205692 |
||
| 942 |
_2udc _n0 _cCINTASAUD |
||
| 999 |
_c197364 _d197364 |
||